Central Library OPAC University of Rajshahi

Essays and studies / (Record no. 21617)

MARC details
000 -LEADER
fixed length control field 00724cas a22002293a 4500
001 - CONTROL NUMBER
control field 21617
003 - CONTROL NUMBER IDENTIFIER
rucl marc code BD-RjUL
005 - DATE AND TIME OF LATEST TRANSACTION
control field 20211209000716.0
008 - FIXED-LENGTH DATA ELEMENTS--GENERAL INFORMATION
fixed length control field 140305s1929 enkar m 0 0eng
035 ## - SYSTEM CONTROL NUMBER
System control number (BD-RjUL)21681
-- (OCoLC)ocm05341284
040 ## - CATALOGING SOURCE
Original cataloging agency BD-RjUL
Language of cataloging eng
Transcribing agency BD-RjUL
Modifying agency BD-RjUL
041 ## - LANGUAGE CODE
Language code of text/sound track or separate title eng
082 00 - DEWEY DECIMAL CLASSIFICATION NUMBER
Classification number 824
Author mark and year ENE 1929
110 2# - MAIN ENTRY--CORPORATE NAME
Corporate name or jurisdiction name as entry element The English Association
9 (RLIN) 66757
245 00 - TITLE STATEMENT
Title Essays and studies /
Statement of responsibility, etc. by members of the English Association.
Number of part/section of a work VOL. XV
260 ## - PUBLICATION, DISTRIBUTION, ETC. (IMPRINT)
Place of publication, distribution, etc. Oxford :
Name of publisher, distributor, etc. Clarendon Press,
Date of publication, distribution, etc. 1929.
300 ## - PHYSICAL DESCRIPTION
Pagination 160 p. ;
Size 22 cm.
650 #0 - SUBJECT ADDED ENTRY--TOPICAL TERM
Topical term or geographic name as entry element English literature
General subdivision History and criticism
-- Periodicals.
9 (RLIN) 66758
Topical term or geographic name as entry element English philology
General subdivision Periodicals.
9 (RLIN) 66759
942 ## - ADDED ENTRY ELEMENTS (KOHA)
Source of classification or shelving scheme Dewey Decimal Classification
Koha item type Books
Holdings
Lost status Source of classification or shelving scheme Damaged status Not for loan Collection code Permanent Location Current Location Shelving location Date acquired Source of acquisition Cost, normal purchase price Total Checkouts Full call number Date last seen Copy number Koha item type
  Dewey Decimal Classification   Added to bundle Non-fiction Central Library, University of Rajshahi Central Library, University of Rajshahi Reading Room 27/06/1955 O. U. P 4.36   824 ENE V-15 1929 05/03/2014 C-1 Books